header

Minority language media (Record no. 139499)

MARC details
000 -LEADER
fixed length control field 01425nam a2200361Ia 4500
082 04 - DEWEY DECIMAL CLASSIFICATION NUMBER
Classification number 302.23089
245 00 - TITLE STATEMENT
Title Minority language media
260 ## - PUBLICATION, DISTRIBUTION, ETC. (IMPRINT)
Place of publication Clevedon :
Name of publisher Multilingual Matters Ltd.,
Year of publication c2007.
300 ## - PHYSICAL DESCRIPTION
Number of Pages vi, 274 p.
490 1# - SERIES STATEMENT
Series statement Multilingual matters ;
650 #0 - SUBJECT ADDED ENTRY--TOPICAL TERM
Topical Term Ethnic mass media.
Topical Term Linguistic minorities.
700 1# - ADDED ENTRY--PERSONAL NAME
Personal name Cormack, Michael J.
Personal name Hourigan, Niamh,
856 40 - ELECTRONIC LOCATION AND ACCESS
Uniform Resource Identifier http://site.ebrary.com/lib/rucke/Doc?id=10170604

No items available.

© 2026 Rongo University
Contact us: librarian | system librarian | Rongo university